000
00284nam a2200133Ia 4500
008
260604s9999 xx 000 0 und d
020
_a
9780143429135
082
_a
891.44 NAS
100
_a
Taslima nasrin
_9
35936
245
0
_a
Exile
260
_b
PRH
500
_a
Exile
942
_c
BK
999
_c
8776
_d
8776